Top 200 Football Clubs - Statistics

General Stats
  • This quiz has been taken 147 times
  • The average score is 100 of 200
Answer Stats
Hint Answer % Correct
England Manchester City
84%
England Manchester United
84%
Spain Barcelona
82%
Ukraine Dynamo Kyiv
82%
France Paris Saint-Germain
81%
Argentina Boca Juniors
80%
Argentina River Plate
80%
Spain Atlético Madrid
79%
Spain Real Madrid
79%
England Chelsea
78%
England Liverpool
78%
France Olympique Lyonnais
78%
Belgium Club Brugge
77%
Germany Borussia Dortmund
76%
Belgium Anderlecht
75%
England Arsenal
75%
England Aston Villa
75%
Germany Bayern München
75%
Turkey Galatasaray
75%
Italy Juventus
75%
England Tottenham Hotspur
75%
Netherlands Ajax
74%
Italy Milan
74%
Portugal Porto
74%
Monaco Monaco
73%
Italy Roma
73%
Portugal Benfica
72%
France Olympique Marseille
72%
Spain Sevilla
72%
England Newcastle United
71%
Austria Salzburg
71%
Portugal Sporting
71%
Spain Athletic Club
70%
England Brighton & Hove Albion
70%
Netherlands PSV
70%
England West Ham United
70%
Belgium Genk
69%
England Leicester City
69%
Italy Napoli
69%
Italy Internazionale Milano
68%
Spain Valencia
68%
England Everton
67%
Turkey Fenerbahçe
67%
England Wolverhampton Wanderers
67%
Germany Bayer Leverkusen
66%
Portugal Braga
65%
Netherlands Feyenoord
65%
Belgium Gent
65%
England Southampton
65%
Switzerland Young Boys
65%
Russia Zenit
65%
Turkey Beşiktaş
64%
England Bournemouth
64%
Brazil Flamengo
64%
Italy Lazio
64%
Germany RB Leipzig
64%
Spain Real Betis
64%
Brazil São Paulo
64%
England Burnley
63%
Serbia Crvena Zvezda
63%
France Lille
63%
Spain Real Sociedad
63%
Croatia Dinamo Zagreb
62%
Italy Fiorentina
62%
England Leeds United
62%
Sweden Malmö
60%
Greece Panathinaikos
60%
England Brentford
59%
Germany Hamburger SV
59%
Ukraine Shakhtar Donetsk
59%
Spain Villarreal
59%
Cyprus APOEL
58%
Italy Atalanta
58%
England Crystal Palace
58%
England Fulham
58%
Germany Wolfsburg
58%
Greece AEK Athens
57%
France Montpellier
57%
Greece Olympiakos Piraeus
57%
Russia CSKA Moskva
56%
Germany Werder Bremen
56%
Saudi Arabia Al Hilal
55%
Brazil Corinthians
55%
Germany Eintracht Frankfurt
55%
Croatia Hajduk Split
55%
Germany Hoffenheim
55%
Germany Köln
55%
France Nantes
55%
France Nice
55%
England Norwich City
55%
England Nottingham Forest
55%
Brazil Palmeiras
55%
Azerbaijan Qarabağ
55%
France Toulouse
55%
Netherlands AZ
54%
Spain Girona
54%
Germany Hertha BSC
54%
Russia Spartak Moskva
54%
Belgium Antwerp
53%
England Sheffield United
53%
Germany Stuttgart
53%
England West Bromwich Albion
53%
Brazil Botafogo
52%
Spain Getafe
52%
Italy Torino
52%
England Luton Town
51%
Italy Bologna
50%
Brazil Fluminense
50%
Italy Genoa
50%
Greece PAOK
50%
Italy Udinese
50%
Saudi Arabia Al Nassr
49%
Spain Espanyol
49%
France Lens
49%
Spain Mallorca
49%
France Strasbourg
49%
Germany Union Berlin
49%
France Rennes
48%
Mexico América
46%
Austria Sturm Graz
46%
Portugal Vitória Guimarães
46%
France Brest
45%
Spain Celta de Vigo
45%
Austria Lask
45%
Czechia Sparta Praha
45%
Netherlands Twente
45%
Czechia Viktoria Plzeň
45%
France Reims
44%
Czechia Slavia Praha
44%
England Watford
44%
England Ipswich Town
43%
Japan Vissel Kobe
43%
Germany Hannover 96
42%
Germany Freiburg
41%
Spain Granada
41%
Brazil Grêmio
41%
Israel Maccabi Haifa
41%
Spain Osasuna
41%
Brazil Vasco da Gama
41%
Hungary Ferencvárosi
40%
Egypt Al Ahly
39%
Bulgaria Ludogorets
39%
Germany Mainz 05
39%
Spain Rayo Vallecano
39%
Italy Sassuolo
39%
Norway Bodø/Glimt
38%
United States LAFC
38%
Denmark Midtjylland
38%
Germany Augsburg
37%
Italy Monza
37%
Saudi Arabia Al Ittihad
35%
Germany Bochum
35%
Spain Cádiz
35%
Brazil Cruzeiro
35%
Italy Hellas Verona
35%
Spain Las Palmas
35%
Italy Lecce
35%
France Metz
35%
Norway Molde
35%
England Coventry City
34%
Brazil Internacional
34%
Brazil Atlético Mineiro
33%
Morocco Raja Casablanca
33%
Italy Empoli
32%
France Le Havre
32%
France Lorient
32%
Mexico Monterrey
32%
Denmark København
30%
Poland Lech Poznań
30%
Mexico Tigres
30%
Germany Darmstadt 98
28%
Germany Fortuna Düsseldorf
28%
Russia Dinamo Moskva
27%
Spain Eibar
27%
Germany St. Pauli
27%
Belgium Union Saint-Gilloise
27%
Brazil Fortaleza
26%
Ecuador LDU Quito
26%
Italy Frosinone
25%
Spain Leganés
25%
Brazil Bahia
24%
Georgia Dinamo Tbilisi
24%
Romania FCSB
23%
Germany Heidenheim
21%
Brazil RB Bragantino
21%
France Clermont
19%
Denmark Nordsjælland
18%
Switzerland Servette
18%
Brazil Athletico Paranaense
15%
Qatar Al Sadd
14%
Germany Borussia M’gladbach
14%
South Africa Mamelodi Sundowns
14%
Poland Raków Częstochowa
14%
Paraguay Libertad
13%
Spain Deportivo Alavés
12%
South Korea Ulsan
11%
Poland Legia Warszawa
10%
Brazil Cuiabá
9%
Portugal Moreirense
9%
United States Orlando City
7%
No matching quizzes found
Score Distribution
Percent of People with Each Score
Percentile by Number Answered
Your Score History
You have not taken this quiz